000 00643nam a2200277Ia 4500
005 20260324145354.0
008 008 260324s9999 xx 000 0 eng d
020 _a9780203789513
037 _aEBOOK
040 _aCRL
040 _beng
040 _cCRL
041 _2eng
041 _aeng
084 _qCRL
100 _aCharles Horton Cooley
_91222731
245 0 _aHuman Nature and the Social Order
260 _bTaylor and Francis
260 _c1983
365 _a
365 _b230
856 _uhttp://www.taylorfrancis.com/books/9780203789513
942 _cEBOOK
999 _c1830550
_d1830550